[Event "World Blitz"]
[Site "Moscow RUS"]
[Date "2009.11.18"]
[Round "34"]
[White "Kramnik,V"]
[Black "Morozevich,A"]
[Result "1/2-1/2"]
[WhiteElo "2772"]
[BlackElo "2750"]

1.Nf3 d5 2.d4 Nf6 3.c4 e6 4.Nc3 dxc4 5.Bg5 Bb4 6.e4 c5 7.Bxc4 cxd4 8.Nxd4 Bxc3+
9.bxc3 Qa5 10.Bxf6 Qxc3+ 11.Kf1 gxf6 12.Rc1 Qa5 13.g3 O-O 14.Kg2 Rd8 15.Bd5 Nd7
16.Bxe6 Ne5 17.Bxc8 Raxc8 18.Rxc8 Rxc8 19.Nf5 Qb4 20.Re1 Re8 21.Re3 b6 22.Qh5 Ng6
23.h4 Kh8 24.Qg4 Rg8 25.Nh6 Rf8 26.Rf3 Qd2 27.Qh5 Qd4 28.Ng4 f5 29.exf5 Ne7
30.Qh6 Rg8 31.Nf6 Rg7 32.Nh5 Rg8 33.Qf6+ Qxf6 34.Nxf6 Rc8 35.g4 Kg7 36.Nh5+ Kf8
37.Re3 Rc4 38.Nf6 Nc6 39.Kg3 Nd4 40.Re8+ Kg7 41.Nh5+ Kh6 42.Nf4 Rc3+ 43.Kg2 Kg7
44.Re4 Nf3 45.Nh5+ Kh6  1/2-1/2

[Event "World Blitz"]
[Site "Moscow RUS"]
[Date "2009.11.18"]
[Round "35"]
[White "Morozevich,A"]
[Black "Gashimov,V"]
[Result "1/2-1/2"]
[WhiteElo "2750"]
[BlackElo "2758"]

1.d4 Nf6 2.c4 c5 3.d5 e6 4.Nc3 exd5 5.cxd5 Bd6 6.Nf3 O-O 7.Bg5 Re8 8.e3 Bf8
9.Be2 d6 10.O-O a6 11.h3 Nbd7 12.a4 Rb8 13.Nd2 Qc7 14.a5 b5 15.axb6 Rxb6
16.Nc4 Rb4 17.Qc2 Bb7 18.Rfd1 Bc8 19.b3 g6 20.Bf4 Nb6 21.Nxb6 Rxb6 22.Bc4 Bg7
23.Ra2 Bb7 24.Na4 Rb4 25.Nb2 Qe7 26.Nd3 Rb6 27.Nc1 Ne4 28.Rd3 h5 29.Ra4 h4
30.Bh2 Bc8 31.Ne2 Nf6 32.f3 Nd7 33.e4 Ne5 34.Rd1 f5 35.Nc3 Rb4 36.Bxa6 Rxa4
37.Bxc8 Rd4 38.Be6+ Kh8 39.exf5 Qg5 40.f4 Rxf4 41.Bxf4 Qxf4 42.Kh1 Rf8 43.Qe4 Qg5
44.Rf1 Qe7 45.Ne2 g5 46.b4 Nd7 47.bxc5 Nxc5 48.Qg4 Qf6 49.Nd4 Bh6 50.Nf3 Kg7
51.Rb1 Kh7 52.Qh5 Kh8 53.Nh2 Ne4 54.Qf3 Ng3+ 55.Kg1 Qd4+ 56.Qf2 Ne2+ 57.Kf1 Ng3+
58.Kg1 Ne2+ 59.Kf1 Ng3+ 60.Kg1 Ne2+ 61.Kf1 Ng3+ 62.Ke1  1/2-1/2

[Event "World Blitz"]
[Site "Moscow RUS"]
[Date "2009.11.18"]
[Round "36"]
[White "Kosteniuk,A"]
[Black "Morozevich,A"]
[Result "0-1"]
[WhiteElo "2517"]
[BlackElo "2750"]

1.e4 e5 2.Nf3 Nc6 3.Bb5 a6 4.Ba4 Nf6 5.O-O Be7 6.Re1 b5 7.Bb3 d6 8.c3 O-O
9.h3 Bb7 10.d4 Re8 11.Nbd2 Bf8 12.Bc2 h6 13.a4 exd4 14.cxd4 Nb4 15.Bb1 c5
16.d5 Nd7 17.Ra3 c4 18.Nd4 Ne5 19.Rg3 Nbd3 20.Rf1 Nxc1 21.Qxc1 Qf6 22.Nf5 g6
23.f4 Nd3 24.Bxd3 cxd3 25.Ne3 Rac8 26.Qb1 Qd4 27.Kh2 Bg7 28.axb5 axb5 29.Rd1 b4
30.Rf3 Ba6 31.Qa2 Bb5 32.Qa5 Rb8 33.Qc7 Red8 34.b3 Qc3 35.Qe7 Bf6 36.Qa7 Ra8
37.Qb6 Be8 38.Nec4 Qc2 39.Rff1 Rab8 40.Qc7 Qc3 41.e5 Bg7 42.exd6 Bd7 43.Qa7 Bf5
44.Qe3 Re8 45.Qf3 Re2 46.Rf2 Rbe8 47.d7 Bxd7 48.Nd6 Rxf2 49.Qxf2 Re2 50.Qa7 Be8
51.Qb8 Kf8  0-1

[Event "World Blitz"]
[Site "Moscow RUS"]
[Date "2009.11.18"]
[Round "38"]
[White "Gelfand,B"]
[Black "Morozevich,A"]
[Result "0-1"]
[WhiteElo "2758"]
[BlackElo "2750"]

1.d4 Nf6 2.c4 e6 3.Nc3 Bb4 4.Nf3 Bxc3+ 5.bxc3 b6 6.Bg5 Bb7 7.Nd2 h6 8.Bh4 d6
9.f3 Nbd7 10.e4 e5 11.Bd3 Qe7 12.Nf1 g5 13.Bf2 Nh5 14.Ne3 Nf4 15.O-O c5 16.Bc2 Rd8
17.Ba4 Kf8 18.Nf5 Qe6 19.d5 Qf6 20.Bc6 Ba6 21.Qa4 Nb8 22.Kh1 Ng6 23.Ne3 h5
24.Qd1 Ne7 25.Bb5 Bc8 26.Ba4 h4 27.Bc2 Rd7 28.Rb1 Rb7 29.Ba4 Qg6 30.Bc2 Nd7
31.a4 a5 32.Qe2 Nf6 33.Rb2 Nh5 34.Kg1 Nf4 35.Qd2 g4 36.fxg4 Bxg4 37.Nxg4 Qxg4
38.Be3 Neg6 39.Qd1 Qxg2+  0-1

[Event "World Blitz"]
[Site "Moscow RUS"]
[Date "2009.11.18"]
[Round "39"]
[White "Svidler,P"]
[Black "Morozevich,A"]
[Result "0-1"]
[WhiteElo "2754"]
[BlackElo "2750"]

1.c4 e6 2.Nf3 d5 3.g3 dxc4 4.Qa4+ Nd7 5.Qxc4 Ngf6 6.Bg2 c5 7.O-O b6 8.e4 a5
9.Re1 Ba6 10.Qc2 c4 11.e5 Nd5 12.Nc3 Nb4 13.Qd1 Nd3 14.Re2 Rc8 15.b3 cxb3
16.axb3 Nxc1 17.Rxc1 Bxe2 18.Qxe2 Bb4 19.Nd4 Bxc3 20.Nc6 Rxc6 21.Bxc6 Bb4
22.Rc4 O-O 23.Rd4 Qc7 24.Bxd7 Rd8 25.Qb5 Bc5 26.Rd3 Qxe5 27.Bxe6 Qe1+ 28.Kg2 Qxf2+
29.Kh3 Rxd3  0-1

[Event "World Blitz"]
[Site "Moscow RUS"]
[Date "2009.11.18"]
[Round "41"]
[White "Grischuk,A"]
[Black "Morozevich,A"]
[Result "1/2-1/2"]
[WhiteElo "2736"]
[BlackElo "2750"]

1.d4 Nf6 2.Nf3 d5 3.c4 e6 4.Nc3 dxc4 5.e4 Bb4 6.Bg5 c5 7.Bxc4 cxd4 8.Nxd4 Qa5
9.Bd2 Qc5 10.Bb5+ Nbd7 11.Nb3 Qb6 12.O-O Bxc3 13.Bxd7+ Bxd7 14.Bxc3 Nxe4
15.Bxg7 Rg8 16.Bd4 Qb5 17.Be3 Nf6 18.Rc1 Qd5 19.f3 Qxd1 20.Rfxd1 Ba4 21.Rd4 Bxb3
22.axb3 Nd5 23.Bd2 h5 24.Rh4 Rh8 25.g4 f6 26.gxh5 Kf7 27.Kf2 Rag8 28.Rcc4 f5
29.h6 Kg6 30.Rh3 Kh7 31.Rg3 Rg6 32.Rxg6 Kxg6 33.Rc1 f4 34.Rc4 Kf5 35.Rc1 Rxh6
36.Rh1 e5 37.h4 Nf6 38.Ke2 Nh5 39.Rh3 Ng3+ 40.Rxg3 Rxh4 41.Rg2 Rh3 42.Rf2 a6
43.Bc3 e4 44.fxe4+ Kxe4 45.Kd2 Rd3+ 46.Kc2 f3 47.Rf1 Rd7 48.Bd2 Rc7+ 49.Kd1 Rf7
50.Re1+ Kd3 51.Re3+ Kd4 52.Re1 f2 53.Rf1 Kd3 54.Ba5 Rf6 55.Bd8 Rg6 56.Bb6 Rxb6
57.Rxf2 Rxb3 58.Kc1 Kc4 59.Rf4+ Kb5 60.Kc2 Rh3 61.Re4 a5 62.b3 Kc5 63.Rg4 b5
64.Rf4 Rh2+ 65.Kc3 b4+ 66.Kd3 Rb2 67.Rf5+ Kb6 68.Kc4 Rc2+ 69.Kd4 Rc3 70.Rf6+ Kb7
71.Rf7+ Kb6 72.Rf6+ Rc6 73.Rf5 Ka6 74.Rh5 Kb6 75.Rg5  1/2-1/2

[Event "World Blitz"]
[Site "Moscow RUS"]
[Date "2009.11.18"]
[Round "42"]
[White "Morozevich,A"]
[Black "Mamedyarov,S"]
[Result "0-1"]
[WhiteElo "2750"]
[BlackElo "2719"]

1.d4 Nf6 2.c4 e6 3.Nc3 Bb4 4.Qc2 d5 5.a3 Be7 6.cxd5 exd5 7.Bg5 h6 8.Bh4 O-O
9.e3 c6 10.Bd3 Nbd7 11.Nf3 Re8 12.h3 Ne4 13.Bxe7 Qxe7 14.O-O Nf8 15.Bxe4 dxe4
16.Nd2 Bf5 17.f4 Rad8 18.Ne2 Qh4 19.Qd1 Bxh3 20.gxh3 Qxh3 21.Rf2 Qxe3 22.Nf1 Qd3
23.Qe1 Ng6 24.Rd1 Qc4 25.Rg2 Qb3 26.f5 Ne5 27.Qg3 Qxg3 28.Rxg3 c5 29.d5 Nd3
30.Ne3 b5 31.Kh2 f6 32.b3 a5 33.Rdg1 Re7 34.Rg4 Ne5 35.Rf4 Nd3 36.Rff1 Ne5
37.Kg3 Ra7 38.Rc1 a4 39.Rxc5 axb3 40.Rxb5 Rxa3 41.Kf4 b2 42.Rb7 Nd3+ 43.Kg4 Nf2+
44.Kg3 Rxe3+ 45.Kxf2 Rf3+ 46.Kg2 Rxd5 47.Rxb2 Rdxf5 48.Rd1 Rg5+ 49.Kh2 Rf2+
50.Kh3 Kh7 51.Rdd2 Rh5+ 52.Kg3 Rhh2 53.Rdc2 g5 54.Nd4 Rxc2 55.Rxc2  0-1

[Event "53rd Masters"]
[Site "Reggio Emilia ITA"]
[Date "2011.01.02"]
[Round "5"]
[White "Vallejo Pons,F"]
[Black "Morozevich,A"]
[Result "1/2-1/2"]
[WhiteElo "2698"]
[BlackElo "2700"]

1.e4 c5 2.Nf3 d6 3.d4 cxd4 4.Nxd4 Nf6 5.Nc3 a6 6.Bg5 e6 7.f4 h6 8.Bh4 Qb6
9.Qd2 Qxb2 10.Rb1 Qa3 11.f5 Be7 12.fxe6 fxe6 13.Bc4 Nxe4 14.Nxe4 Bxh4+ 15.g3 Bg5
16.Nxg5 hxg5 17.Nxe6 Bxe6 18.Bxe6 Qxg3+ 19.hxg3 Rxh1+ 20.Ke2 Rh2+ 21.Ke1 Rxd2
22.Kxd2 Ra7 23.Bd5 Nd7 24.Rxb7 Rxb7 25.Bxb7 Nc5 26.Bf3 Kd7  1/2-1/2

[Event "53rd Masters"]
[Site "Reggio Emilia ITA"]
[Date "2011.01.03"]
[Round "6"]
[White "Morozevich,A"]
[Black "Onischuk,Al"]
[Result "0-1"]
[WhiteElo "2700"]
[BlackElo "2683"]

1.d4 d5 2.c4 e6 3.Nc3 Be7 4.cxd5 exd5 5.Bf4 Nf6 6.e3 Bf5 7.Qb3 Nc6 8.g4 Bc8
9.h3 Bd6 10.Bxd6 cxd6 11.Nge2 h5 12.g5 Ne4 13.h4 O-O 14.Bg2 Bg4 15.Nf4 Rc8
16.Qxd5 Nxc3 17.bxc3 Ne7 18.Qb3 Nf5 19.g6 Nxh4 20.Bd5 Nf3+ 21.Bxf3 Bxf3 22.Rh3 Bg4
23.Rg3 Rc6 24.Rc1 d5 25.Qxd5 Rd6 26.Qxb7 fxg6 27.Qb3+ Rf7 28.c4 Rxf4 29.exf4 Rxd4
30.c5+ Kh7 31.Kf1 Rxf4 32.Qe3 Qf6 33.c6 Bc8 34.Kg1 h4 35.Rg2 Qd6 36.Qc5 Qd2
37.Qc2 Qd6 38.Rd1 Qe6 39.Qc3 Rc4 40.Qa5 Qxc6 41.Qg5 Bh3 42.Qd5 Qxd5 43.Rxd5 Bxg2
44.Kxg2 Ra4 45.Kh3 Kh6 46.f3 g5 47.Rd2 Kh5  0-1

[Event "53rd Masters"]
[Site "Reggio Emilia ITA"]
[Date "2011.01.04"]
[Round "7"]
[White "Movsesian,S"]
[Black "Morozevich,A"]
[Result "1/2-1/2"]
[WhiteElo "2721"]
[BlackElo "2700"]

1.e4 e6 2.d4 d5 3.Nd2 c5 4.exd5 Qxd5 5.Ngf3 cxd4 6.Bc4 Qd6 7.O-O Nf6 8.Nb3 Nc6
9.Nbxd4 Nxd4 10.Nxd4 a6 11.b3 Qc7 12.Bb2 Bd6 13.h3 O-O 14.a4 e5 15.Nf3 e4
16.Ng5 Bf5 17.Bxf6 gxf6 18.Qd5 Bh2+ 19.Kh1 Be5 20.Nxe4 Be6 21.Qd1 Bxc4 22.bxc4 f5
23.Ng3 Bxa1 24.Qxa1 f6 25.Nxf5 Qxc4 26.Ne3 Qc6 27.Rb1 Rab8 28.c4 Kh8 29.Nd5 b6
30.Rb4 Kg7 31.Rb3 Qd6 32.Qb1 Rfe8 33.Qc1 Kh8 34.Rg3 Re6 35.Nf4 Re7 36.Nd5 Rf7
37.Qh6 Rg8 38.Rf3 Qc6 39.Qh5 Rgg7 40.Qh4 Qxa4 41.Qd4 Qc6 42.Nxf6 Qc5 43.Qc3 Qe7
44.Nh5 Rxf3  1/2-1/2

[Event "FIDE World Cup 2011"]
[Site "Khanty-Mansiysk RUS"]
[Date "2011.08.29"]
[Round "1.2"]
[White "Halkias,S"]
[Black "Morozevich,A"]
[Result "1/2-1/2"]
[WhiteElo "2600"]
[BlackElo "2694"]

1.d4 Nf6 2.c4 e6 3.Nf3 d5 4.g3 dxc4 5.Bg2 Nc6 6.Qa4 Bb4+ 7.Bd2 Nd5 8.Bxb4 Nxb4
9.O-O Rb8 10.Nc3 a6 11.Ne5 O-O 12.Nxc6 Nxc6 13.Bxc6 bxc6 14.Qxc4 Rxb2 15.Rab1 Rb6
16.Qc5 h6 17.Rfd1 Re8 18.a4 f6 19.a5 Rxb1 20.Rxb1 e5 21.d5 cxd5 22.Nxd5 Qd7
23.Nxc7 Rd8 24.Qc4+ Qf7 25.Qc2 Bh3 26.Nxa6 Qd5 27.e4 Qxa5 28.Nb4 Kh7 29.Nd5 f5
30.Ne7 f4 31.Nf5 Rd2 32.Qb3 Qc5 33.Qf3 Bg4 34.Qg2 Qc2 35.Re1 f3 36.Qf1 Bxf5
37.exf5 Qxf5 38.Qb5 Qc2 39.Qxe5 Rd1 40.h4 Rxe1+  1/2-1/2

[Event "FIDE World Cup 2011"]
[Site "Khanty-Mansiysk RUS"]
[Date "2011.08.30"]
[Round "1.4"]
[White "Halkias,S"]
[Black "Morozevich,A"]
[Result "0-1"]
[WhiteElo "2600"]
[BlackElo "2694"]

1.d4 Nf6 2.c4 e6 3.Nf3 d5 4.Nc3 dxc4 5.e4 Bb4 6.Bxc4 Nxe4 7.O-O Nxc3 8.bxc3 Be7
9.Ne5 O-O 10.Qg4 Nc6 11.Bh6 Bf6 12.Rad1 Ne7 13.Bc1 c5 14.Ba3 Qc7 15.Rfe1 b6
16.Qh3 Ng6 17.Bd3 Bxe5 18.Rxe5 f5 19.Ree1 Rf6 20.Bc1 cxd4 21.cxd4 Nf4 22.Qg3 Nd5
23.Qh4 Bb7 24.h3 Rg6 25.Rxe6 Rxe6 26.Bxf5 Rg6 27.Bxg6 hxg6 28.Re1 Qc6 29.Qg5 Re8
30.Re5 Nc3 31.Be3 Ne4 32.Qg4 Rxe5 33.dxe5 Qd5 34.Qxg6 Qxe5 35.h4 Nf6 36.Qc2 Qe4
37.Bxb6 axb6 38.Qd1  0-1

[Event "FIDE World Cup 2011"]
[Site "Khanty-Mansiysk RUS"]
[Date "2011.08.30"]
[Round "1.3"]
[White "Morozevich,A"]
[Black "Halkias,S"]
[Result "1-0"]
[WhiteElo "2694"]
[BlackElo "2600"]

1.e4 c5 2.Nf3 Nc6 3.d4 cxd4 4.Nxd4 Nf6 5.Nc3 e5 6.Ndb5 d6 7.Bg5 a6 8.Na3 b5
9.Nd5 Be7 10.Bxf6 Bxf6 11.c4 b4 12.Nc2 a5 13.g3 O-O 14.h4 a4 15.Qd2 Rb8 16.Nce3 Nd4
17.O-O-O Be6 18.Kb1 b3 19.a3 Qd7 20.f4 Bxd5 21.Nxd5 Qg4 22.Bd3 Kh8 23.f5 Bd8
24.Qg2 Qf3 25.Qh2 Rc8 26.Rhf1 Qg4 27.Ne3 Qh5 28.Qh3 Rc5 29.Nd5 Nc2 30.Rd2 Qh6
31.Re2 Bg5 32.Rh2 Bd8 33.g4 f6 34.Bxc2 bxc2+ 35.Rxc2 g5 36.Rh1 Rg8 37.Qe3 Qg7
38.Rch2 Qf7 39.hxg5 Rxg5 40.Qc3 Kg8 41.Qb4 Rg7 42.Qxa4 Qf8 43.Qa6 Ra5 44.Qc8 Raa7
45.Rh6 Rgf7 46.R6h3 Ba5 47.Qxf8+ Rxf8 48.Rh6 Bd8 49.Ka2 Rg7 50.R1h4 Ra7 51.b4 Ra8
52.Kb3 Rf7 53.Rh2 Rg7 54.R6h4 Rga7 55.Ra2 Rb8 56.a4 Kg7 57.Kc3 Rc8 58.a5 Kf8
59.a6  1-0

[Event "FIDE World Cup 2011"]
[Site "Khanty-Mansiysk RUS"]
[Date "2011.08.31"]
[Round "2.1"]
[White "Fier,A"]
[Black "Morozevich,A"]
[Result "0-1"]
[WhiteElo "2566"]
[BlackElo "2694"]

1.e4 e6 2.d4 d5 3.Nc3 Nf6 4.e5 Nfd7 5.f4 c5 6.Nf3 Nc6 7.Be3 cxd4 8.Nxd4 Bc5
9.Qd2 a6 10.O-O-O O-O 11.Nb3 Bxe3 12.Qxe3 b5 13.Bd3 b4 14.Ne4 a5 15.Nbc5 Nxc5
16.Qxc5 Ne7 17.Ng5 h6 18.Nf3 Ba6 19.Kb1 Qd7 20.g4 a4 21.Bxa6 Rxa6 22.Qxb4 Nc6
23.Qb5 Qa7 24.Qd3 Rb8 25.Nd4 Na5 26.Ka1 Nc4 27.Rb1 Rab6 28.Qc3 Rxb2 29.Rxb2 Rxb2
30.f5 a3 31.h4 Qb8 32.Re1 Nd2 33.Nb3 Ne4 34.Qd3 Qxe5 35.Nd4 Rxc2  0-1

[Event "FIDE World Cup 2011"]
[Site "Khanty-Mansiysk RUS"]
[Date "2011.09.01"]
[Round "2.2"]
[White "Morozevich,A"]
[Black "Fier,A"]
[Result "1-0"]
[WhiteElo "2694"]
[BlackElo "2566"]

1.e4 c5 2.Nf3 e6 3.d4 cxd4 4.Nxd4 Nc6 5.Nc3 Qc7 6.Be3 a6 7.Qd2 Nf6 8.O-O-O Be7
9.f4 d6 10.Be2 Nxd4 11.Qxd4 e5 12.fxe5 dxe5 13.Qa4+ Kf8 14.Rhf1 Bd7 15.Qb3 Rc8
16.Kb1 Be6 17.Nd5 Nxe4 18.Bg4 Qc6 19.Bxe6 Qxe6 20.Qxb7 Nd6 21.Qxa6 f6 22.Nxe7 Kxe7
23.Bc5 Rxc5 24.Qa7+ Nb7 25.Qxb7+ Ke8 26.Rd2  1-0

[Event "FIDE World Cup 2011"]
[Site "Khanty-Mansiysk RUS"]
[Date "2011.09.03"]
[Round "3.1"]
[White "Grischuk,A"]
[Black "Morozevich,A"]
[Result "1-0"]
[WhiteElo "2746"]
[BlackElo "2694"]

1.e4 e6 2.d4 d5 3.e5 c5 4.c3 Bd7 5.Nf3 Qb6 6.Bd3 cxd4 7.Nxd4 Bc5 8.O-O Bxd4
9.cxd4 Qxd4 10.Nc3 a6 11.Re1 Bc6 12.Ne2 Qg4 13.h3 Qh5 14.Bf4 Bb5 15.Qb3 Ne7
16.Bxb5+ axb5 17.Qxb5+ Nbc6 18.Qxb7 O-O 19.Qb3 Rab8 20.Qc3 Rfc8 21.Qd2 h6
22.Rac1 Qh4 23.b3 Nf5 24.g4 Nfe7 25.Kg2 Ra8 26.Rc5 f5 27.gxf5 Nxf5 28.Rec1 Nce7
29.Rxc8+ Nxc8 30.Rc6 Qe7 31.Qc2 Qe8 32.a4 Qg6+ 33.Bg3 Nce7 34.Nf4 Qf7 35.Rc7 g5
36.Ne2 Rf8 37.a5 h5 38.Qd2 Qg6 39.a6 h4 40.Bh2 g4 41.Nf4 Qg5 42.Qe2 Nh6 43.Rxe7 gxh3+
44.Kxh3 Qxe7 45.Ng6 Qb4 46.Nxf8 Kxf8 47.a7 Qa5 48.Bf4 Nf5 49.Qh5 Kg7 50.Qg5+ Kh7
51.Qh5+ Kg7 52.Bg5 Qc3+ 53.Kg2 h3+ 54.Qxh3 Qc6 55.Bf6+ Kg6 56.Qg4+  1-0

[Event "FIDE World Cup 2011"]
[Site "Khanty-Mansiysk RUS"]
[Date "2011.09.04"]
[Round "3.2"]
[White "Morozevich,A"]
[Black "Grischuk,A"]
[Result "1/2-1/2"]
[WhiteElo "2694"]
[BlackElo "2746"]

1.d4 Nf6 2.c4 e6 3.Nc3 Bb4 4.Qc2 d5 5.cxd5 exd5 6.Bg5 h6 7.Bxf6 Qxf6 8.a3 Bxc3+
9.Qxc3 O-O 10.Nf3 Bf5 11.e3 Rc8 12.Rc1  1/2-1/2

[Event "22nd St Petersburg-Moscow Match"]
[Site "St Petersburg RUS"]
[Date "2011.09.17"]
[Round "1"]
[White "Morozevich,A"]
[Black "Vitiugov,N"]
[Result "1-0"]
[WhiteElo "2737"]
[BlackElo "2726"]

1.e4 e6 2.d4 d5 3.Nc3 Bb4 4.e5 c5 5.a3 Bxc3+ 6.bxc3 Ne7 7.Qg4 cxd4 8.Qxg7 Rg8
9.Qxh7 Qc7 10.Rb1 Qxe5+ 11.Ne2 dxc3 12.h4 d4 13.h5 Nbc6 14.h6 f5 15.Bf4 Qf6
16.Ng3 Qh8 17.Qxh8 Rxh8 18.Bg5 Kf7 19.Be2 e5 20.f4 exf4 21.Nh5 Kg6 22.Bxf4 Nd5
23.Kf2 Ne3 24.Rb5 b6 25.g4 Ba6 26.Rxf5 Nxf5 27.gxf5+ Kxf5 28.Bxa6 Ne5 29.Kg3 Rag8+
30.Ng7+ Kf6 31.Rh5 Nd7 32.Bg5+ Kf7 33.Bc4+ Kg6 34.Bd3+ Kf7 35.Rh4  1-0

[Event "22nd St Petersburg-Moscow Match"]
[Site "St Petersburg RUS"]
[Date "2011.09.18"]
[Round "2"]
[White "Vitiugov,N"]
[Black "Morozevich,A"]
[Result "1-0"]
[WhiteElo "2726"]
[BlackElo "2737"]

1.c4 e6 2.Nc3 d5 3.d4 c6 4.Nf3 Nf6 5.Bg5 dxc4 6.e4 b5 7.e5 h6 8.Bh4 g5 9.Nxg5 hxg5
10.Bxg5 Be7 11.exf6 Bxf6 12.Be3 Bb7 13.Be2 Na6 14.a4 Nb4 15.O-O a6 16.Ne4 Be7
17.b3 cxb3 18.Qxb3 Qd5 19.Qb1 f5 20.Nd2 Qd6 21.Nf3 Nd5 22.Bd2 Bf6 23.Re1 Kf7
24.Qd3 Rag8 25.g3 f4 26.Bf1 fxg3 27.hxg3 c5 28.Bg2 c4 29.Qe4 Bc6 30.axb5 Bxb5
31.Ne5+ Bxe5 32.dxe5 Qc7 33.Ra3 Rg7 34.Qd4 Rd8 35.Ba5 Qe7 36.Rf3+ Ke8 37.Bxd8 Qxd8
38.Bh3 Re7 39.Qh4 Kd7 40.Rd1 Qa8 41.Rf6 Kc7 42.Rxe6 Rxe6 43.Bxe6 Nc3 44.Qe7+ Kb6
45.Qd6+ Ka5 46.Qd2 Qf3 47.Ra1+  1-0

[Event "Governor's Cup"]
[Site "Saratov RUS"]
[Date "2011.10.08"]
[Round "1"]
[White "Leko,P"]
[Black "Morozevich,A"]
[Result "1/2-1/2"]
[WhiteElo "2728"]
[BlackElo "2737"]

1.e4 e6 2.d4 d5 3.Nc3 dxe4 4.Nxe4 Nd7 5.Nf3 Ngf6 6.Bd3 c5 7.O-O Nxe4 8.Bxe4 Nf6
9.Bg5 cxd4 10.Nxd4 Be7 11.Bf3 O-O 12.Qd3 Qc7 13.Qe3 Qc5 14.c3 h6 15.Bh4 Qb6
16.Qe2 Bd7 17.a4 a6 18.a5 Qa7 19.Bg3 Rfe8 20.Qc4 Rec8 21.Qb3 Bc6 22.Nxc6 bxc6
23.Rfe1 Nd5 24.Qc2 Rd8 25.Ra4 Bd6 26.Rc4 Bxg3 27.hxg3 c5 28.b4 cxb4 29.cxb4 Rab8
30.Rb1 Qe7 31.Bxd5 exd5 32.Rd4 Rb5 33.Qd2 Qg5 34.Qc3 Qf5 35.Rc1 Rdb8 36.Qd2 Qe5
37.Rd1 Qe7 38.Rxd5  1/2-1/2

[Event "Governor's Cup"]
[Site "Saratov RUS"]
[Date "2011.10.09"]
[Round "2"]
[White "Morozevich,A"]
[Black "Vitiugov,N"]
[Result "1-0"]
[WhiteElo "2737"]
[BlackElo "2726"]

1.e4 e6 2.d4 d5 3.Nc3 Nf6 4.e5 Nfd7 5.f4 c5 6.Nf3 Nc6 7.Be3 Be7 8.a3 b6 9.Bd3 O-O
10.O-O f5 11.exf6 Nxf6 12.Ne5 Bb7 13.Qf3 Bd6 14.Nb5 Be7 15.Qh3 Qc8 16.c4 Ne4
17.dxc5 Nxe5 18.fxe5 Bxc5 19.Rxf8+ Qxf8 20.Bxe4 dxe4 21.b4 Bxe3+ 22.Qxe3 Qf5
23.Qg3 Qh5 24.Nd6 Bc6 25.b5 Be8 26.Nxe4 Bg6 27.Nd6 Qe2 28.Qf3 Qxf3 29.gxf3 Rf8
30.a4 Rxf3 31.a5 bxa5 32.Rxa5 h5 33.Rxa7 Rb3 34.c5  1-0

[Event "Governor's Cup"]
[Site "Saratov RUS"]
[Date "2011.10.10"]
[Round "3"]
[White "Moiseenko,A1"]
[Black "Morozevich,A"]
[Result "0-1"]
[WhiteElo "2726"]
[BlackElo "2737"]

1.d4 Nf6 2.c4 g6 3.Nc3 Bg7 4.e4 d6 5.f3 O-O 6.Be3 c5 7.Nge2 Qa5 8.Nc1 cxd4
9.Nb3 Qe5 10.Bxd4 Qf4 11.g3 Qg5 12.Qe2 Nc6 13.Be3 Qh5 14.Bg2 Nd7 15.Nd5 e6
16.Nf4 Qe5 17.Nd3 Qf6 18.h4 Qe7 19.h5 a5 20.hxg6 fxg6 21.a4 d5 22.cxd5 exd5
23.exd5 Nb4 24.Rh4 Nc2+ 25.Qxc2 Qxe3+ 26.Qe2 Qg5 27.Kf1 Nf6 28.Nbc5 Qxg3
29.Qf2 Qd6 30.Rd1 Ng4 31.Qe2 Qg3 32.Rxg4 Bxg4 33.Ne4 Rxf3+ 34.Bxf3 Bh3+ 35.Bg2 Rf8+
36.Kg1 Bd4+ 37.Kh1 Bxg2+ 38.Qxg2 Qh4+ 39.Qh2 Qxe4+ 40.Qg2 Rf3  0-1

[Event "Governor's Cup"]
[Site "Saratov RUS"]
[Date "2011.10.11"]
[Round "4"]
[White "Ni Hua"]
[Black "Morozevich,A"]
[Result "0-1"]
[WhiteElo "2670"]
[BlackElo "2737"]

1.e4 c5 2.Nf3 Nc6 3.d4 cxd4 4.Nxd4 e6 5.Nc3 d6 6.Be3 Nf6 7.f4 Be7 8.Qf3 O-O
9.O-O-O Nxd4 10.Bxd4 Qa5 11.e5 dxe5 12.Bxe5 Nd7 13.Bd4 Bf6 14.Bb5 Bxd4 15.Rxd4 Nf6
16.Rhd1 a6 17.Bd3 Rb8 18.g4 e5 19.fxe5 Qxe5 20.h4 g6 21.Rf4 Kg7 22.Rf1 Bxg4
23.Rxg4 Nxg4 24.Qxg4 Rbd8 25.Qf3 Rd6 26.Ne4 Rb6 27.c3 Qh2 28.Bc2 Qxh4 29.Rh1 Qd8
30.Qe3 h5 31.Rd1 Qc7 32.Qd4+ Kh6 33.Nd6 f5 34.Bb3 Rc6 35.Qe5 Kh7 36.Rd5 Rd8
37.Nf7 Qxe5 38.Rxe5 Rd7 39.Re8 Rf6 40.Ne5 Rg7 41.Kd2 g5 42.Ke2 g4 43.Kf1 Kh6
44.Bd5 f4 45.c4 f3 46.c5 Kg5 47.b4 h4  0-1

[Event "Governor's Cup"]
[Site "Saratov RUS"]
[Date "2011.10.12"]
[Round "5"]
[White "Morozevich,A"]
[Black "Eljanov,P"]
[Result "1-0"]
[WhiteElo "2737"]
[BlackElo "2683"]

1.e4 e5 2.Nf3 Nc6 3.d4 exd4 4.Nxd4 Bc5 5.Nxc6 bxc6 6.Bd3 d6 7.Nc3 Ne7 8.O-O O-O
9.Na4 Bd4 10.c3 Bb6 11.Bg5 f6 12.Bh4 Be6 13.Qc2 Qd7 14.Rad1 Ng6 15.Bg3 Qf7
16.b3 Rae8 17.c4 c5 18.f4 Ne7 19.e5 f5 20.exd6 cxd6 21.Be2 d5 22.Bf2 Rc8
23.Nb2 d4 24.Nd3 Ng6 25.Bf3 Qf6 26.Rfe1 Rfe8 27.g3 a5 28.Re2 Bd7 29.Rde1 Rxe2
30.Qxe2 Bc6 31.Bd5+ Bxd5 32.cxd5 a4 33.Ne5 Ba5 34.Qc4 Qd6 35.Re2 axb3 36.axb3 Ne7
37.Qb5 Bb4 38.Nc4 Qd8 39.d6 Nc6 40.Ne5 Nxe5 41.fxe5  1-0

[Event "Governor's Cup"]
[Site "Saratov RUS"]
[Date "2011.10.13"]
[Round "6"]
[White "Shirov,A"]
[Black "Morozevich,A"]
[Result "1/2-1/2"]
[WhiteElo "2713"]
[BlackElo "2737"]

1.e4 e6 2.d4 d5 3.Nc3 Nf6 4.e5 Nfd7 5.f4 c5 6.Nf3 Nc6 7.Be3 Be7 8.a3 b6 9.Bd3 O-O
10.O-O a6 11.Ne2 c4 12.Bxh7+ Kxh7 13.Ng5+ Bxg5 14.fxg5 Rh8 15.Rxf7 Kg8 16.g6 Nf8
17.Nf4 Ra7 18.Qf3 Qe8 19.Nxd5 Nxg6 20.Rxa7 Nxa7 21.Nxb6 Bd7 22.Qb7 Bc6 23.Qxa7 Nh4
24.Qc7 Nxg2 25.Bg5 Nh4 26.Kf2 Nf5 27.h4 Kh7 28.Rf1 Bb5 29.a4 Bxa4 30.Ke1 Rf8
31.Nxa4 Qxa4 32.Bf6 Qa1+ 33.Kf2 Qxb2 34.Kg1 Qxd4+ 35.Kh2 Qd2+ 36.Kh1 Qh6
37.Rg1 a5 38.Bg5 Qh5 39.Qxc4 Qf3+ 40.Kh2 Qf2+ 41.Rg2 Qe1 42.Qg4 Kg8 43.Bf6 Rf7
44.h5 Qe3 45.c3 Qxc3 46.h6 Nxh6 47.Qxe6 Kh7 48.Bg5 Rf5 49.Bh4 Qxe5+ 50.Qxe5 Rxe5
51.Bd8 a4 52.Ra2 Re4 53.Kg3 Kg6 54.Kf3 Kf5 55.Rb2 Nf7 56.Bc7 Ne5+ 57.Kg2 Nc4
58.Rb8 Re7 59.Bg3 Ra7 60.Rb4 Ne3+ 61.Kf3 Nd5 62.Rb5 Ke6 63.Bf2 Ra6 64.Bd4 g6
65.Ke4 Nc7 66.Rg5 Kf7 67.Rg1 a3 68.Kd3 Ne6 69.Be5 g5 70.Kc4 Kg6 71.Kb3 Kf5
72.Bc3 a2 73.Ra1 g4 74.Be1 Nc5+ 75.Kc4 Ne4 76.Kb3 Kf4 77.Bh4 Nd2+ 78.Kb2 Nf3
79.Bf2 Re6 80.Rxa2 Re2+ 81.Ka3 Rxa2+ 82.Kxa2 Ne5 83.Kb3 Kf3 84.Be1 Nd3 85.Bh4 Nf4
86.Kc2 Ng2 87.Be7 g3 88.Kd2 Nf4 89.Bc5 g2 90.Ba7 Ng6 91.Ke1 Ne5 92.Bg1 Nd3+
93.Kd2 Nf2 94.Ke1 Nh3 95.Ba7 Nf4 96.Kd2 Kg3 97.Ke1 Nd3+ 98.Ke2  1/2-1/2

[Event "Governor's Cup"]
[Site "Saratov RUS"]
[Date "2011.10.15"]
[Round "7"]
[White "Morozevich,A"]
[Black "Alekseev,Evgeny"]
[Result "1-0"]
[WhiteElo "2737"]
[BlackElo "2662"]

1.d4 Nf6 2.c4 e6 3.Nc3 Bb4 4.Qc2 O-O 5.Nf3 c5 6.dxc5 Na6 7.c6 bxc6 8.e3 Nc5
9.Bd2 a5 10.a3 Bxc3 11.Bxc3 Nce4 12.Bxf6 Nxf6 13.c5 a4 14.O-O-O Ra5 15.Kb1 Qe7
16.Rc1 Ba6 17.Bxa6 Rxa6 18.Rhd1 e5 19.Qd3 Ra7 20.e4 Rb8 21.Qc3 Ng4 22.Rc2 Rb3
23.Qc4 Nf6 24.Rd3 Rb5 25.Qc3 Nxe4 26.Qxe5 Qxe5 27.Nxe5 Nxc5 28.Nxc6 Rc7 29.Nb4 g6
30.Rd4 d6 31.Nd5 Ra7 32.Rb4 Rab7 33.Rd2 Kf8 34.Ka2 f5 35.f3 Kf7 36.h4 h6
37.Rd1 g5 38.hxg5 hxg5 39.g3 Rb8 40.g4 f4 41.Rxb5 Rxb5 42.Nc3 Rb6 43.Rd5 Kg6
44.Kb1 Nd7 45.Nxa4 Ra6 46.Nc3 Ne5 47.a4 Nxf3 48.b4 Ne5 49.b5 Ra8 50.Rxd6+ Kf7
51.Ra6 Rg8 52.Ne4 Nxg4 53.b6 f3 54.b7 Rb8 55.Rb6 Ne5 56.a5 Nc4 57.Rf6+ Ke7
58.a6 Na5 59.Rb6 Kd7 60.a7  1-0

[Event "Governor's Cup"]
[Site "Saratov RUS"]
[Date "2011.10.16"]
[Round "8"]
[White "Andreikin,D"]
[Black "Morozevich,A"]
[Result "1/2-1/2"]
[WhiteElo "2705"]
[BlackElo "2737"]

1.e4 e5 2.Nf3 Nc6 3.Bb5 a6 4.Bxc6 dxc6 5.O-O f6 6.d4 Bg4 7.c3 exd4 8.cxd4 Qd7
9.Be3 f5 10.Qb3 Bxf3 11.Qxb7 Rd8 12.gxf3 fxe4 13.Rc1 exf3 14.Qxc6 Bd6 15.Nd2 Qxc6
16.Rxc6 Ne7 17.Rxa6 O-O 18.Ne4 Bf4 19.Re6 Nd5 20.Nc3 Rf5 21.Nxd5 Rdxd5 22.Bxf4 Rxf4
23.Re3 Rg5+ 24.Kh1 Rh5 25.Rae1 Rfh4 26.Re8+ Kf7 27.R8e7+ Kf8 28.Re8+ Kf7
29.R8e7+  1/2-1/2

[Event "Governor's Cup"]
[Site "Saratov RUS"]
[Date "2011.10.17"]
[Round "9"]
[White "Morozevich,A"]
[Black "Tomashevsky,E"]
[Result "1/2-1/2"]
[WhiteElo "2737"]
[BlackElo "2710"]

1.e4 e5 2.Nf3 Nc6 3.d4 exd4 4.Nxd4 Bc5 5.Be3 Qf6 6.c3 Nge7 7.Nc2 Bxe3 8.Nxe3 O-O
9.Bd3 Ne5 10.Bc2 Qb6 11.b3 d6 12.O-O f5 13.exf5 Bxf5 14.c4 Bxc2 15.Qxc2 Rf7
16.Nc3 Raf8 17.Qd2 N5g6 18.Rae1 Qa5 19.g3 Rf3 20.Ned5 Nxd5 21.Qxd5+ Qxd5
22.Nxd5 c6 23.Ne3 Ne5 24.Rd1 Nf7 25.h4 Rf6 26.h5 Re8 27.Kg2 Kf8 28.Rfe1 Rfe6
29.Rd4 Re5 30.g4 g6 31.hxg6 Rf5  1/2-1/2

[Event "Governor's Cup"]
[Site "Saratov RUS"]
[Date "2011.10.18"]
[Round "10"]
[White "Ponomariov,R"]
[Black "Morozevich,A"]
[Result "1/2-1/2"]
[WhiteElo "2758"]
[BlackElo "2737"]

1.d4 Nf6 2.c4 e6 3.Nf3 d5 4.Nc3 dxc4 5.e4 Bb4 6.Bg5 c5 7.Bxc4 cxd4 8.Nxd4 Bxc3+
9.bxc3 Qa5 10.Bb5+ Bd7 11.Bxf6 gxf6 12.Bxd7+ Nxd7 13.O-O Qxc3 14.Qa4 O-O
15.Nxe6 Nb6 16.Qd4 Rfc8 17.Qxc3 Rxc3 18.Nf4 Rc5 19.g4 Kf8 20.Nh5 Ke7 21.Ng3 Rd8
22.Rfc1 Na4 23.Rd1 Nc3 24.Nf5+ Ke8 25.Ng7+ Ke7 26.Nf5+ Ke8 27.Ng7+ Ke7  1/2-1/2